| 000 | 00412nam a22001217a 4500 | ||
|---|---|---|---|
| 008 | 230609b xxu||||| |||| 00| 0 eng d | ||
| 082 |
_a354.676 _bGOK |
||
| 110 | _bGoK | ||
| 245 |
_a2011/2012 Supplementary Estimates (Development Expenditure) _bEstimates of further sums required to be voted for the service of the year ending 30th June, 2012 |
||
| 260 |
_aKenya _bGoK _cJune, 2012 |
||
| 300 | _a636p | ||
| 942 |
_2ddc _cBK |
||
| 999 |
_c920 _d920 |
||